[Event "Men-Tehran"]
[Site "?"]
[Date "2015.09.17"]
[Round "6.1"]
[White "Kazerooni, Shahriar"]
[Black "Sharbaf, Mohsen"]
[Result "0-1"]
[BlackElo "2354"]
[WhiteElo "1928"]
[LiveChessVersion "1.4.6"]

1. e4 c5 2. Nf3 e6 3. c3 Nf6 4. e5 Nd5 5. d4 cxd4 6. cxd4 b6 7. a3 Bb7 8. Bd3 d6
9. O-O Nd7 10. Qe2 Be7 11. Bd2 Rc8 12. Nc3 Nxc3 13. Bxc3 O-O 14. Rac1 dxe5 15.
dxe5 Nc5 16. Bc4 Rc7 17. b4 Nd7 18. Bd3 Qa8 19. Bb2 Rxc1 20. Rxc1 Rd8 21. Rc7 Qb8
22. Qc2 g6 23. Bb5 Rc8 24. Rxc8+ Qxc8 25. Qa4 Nf8 26. Qxa7 Bd8 27. Qa4 g5 28. Bd3
Bc6 29. Qc2 Qb7 30. Qd2 Bxf3 31. gxf3 Qxf3 32. Bxh7+ Kxh7 33. Qxd8 Qg4+ 34. Kf1
Ng6 35. Qd3 Kg7 36. Bc1 Nh4 37. Qd8 Qc4+ 38. Ke1 Qxc1+ 39. Ke2 Qb2+ 40. Kf1 Qa1+
41. Ke2 Qxe5+ 42. Kd1 b5 43. Qd3 Qd5 44. Ke2 Kf6 45. Qh7 Qe5+ 46. Kd1 Ng6 47. Qg8
Qa1+ 48. Kd2 Qxa3 49. Qd8+ Kg7 50. Qd4+ e5 51. Qc5 Qb2+ 52. Ke1 Nf4 53. Kd1 Qe2+
0-1

[Event "Men-Tehran"]
[Site "?"]
[Date "2015.09.17"]
[Round "6.2"]
[White "Asgharzadeh, M.Reza"]
[Black "Momenzadeh, Mehdi"]
[Result "0-1"]
[BlackElo "1899"]
[WhiteElo "2296"]
[LiveChessVersion "1.4.6"]

1. d4 {[%clk 1:30:20]} Nf6 {[%clk 1:30:02]} 2. c4 {[%clk 1:30:26]} e6
{[%clk 1:30:30]} 3. Nc3 {[%clk 1:30:49]} d5 {[%clk 1:30:55]} 4. Bg5
{[%clk 1:31:10]} Nbd7 {[%clk 1:31:12]} 5. e3 {[%clk 1:31:33]} c6 {[%clk 1:30:31]}
6. Nf3 {[%clk 1:31:55]} Qa5 {[%clk 1:30:55]} 7. Nd2 {[%clk 1:30:30]} Bb4
{[%clk 1:30:03]} 8. Qc2 {[%clk 1:29:40]} O-O {[%clk 1:25:28]} 9. a3
{[%clk 1:11:27]} Re8 {[%clk 1:13:52]} 10. Nb3 {[%clk 1:04:07]} Bxc3+
{[%clk 1:13:31]} 11. bxc3 {[%clk 1:04:35]} Qa4 {[%clk 1:12:41]} 12. cxd5
{[%clk 1:04:01]} exd5 {[%clk 1:12:53]} 13. c4 {[%clk 0:55:50]} Ne4
{[%clk 1:05:50]} 14. Bf4 {[%clk 0:56:07]} b6 {[%clk 1:04:18]} 15. cxd5
{[%clk 0:49:50]} cxd5 {[%clk 1:04:09]} 16. Qd3 {[%clk 0:49:02]} Ba6
{[%clk 1:02:26]} 17. Qxa6 {[%clk 0:49:24]} Qxb3 {[%clk 1:02:47]} 18. Qd3
{[%clk 0:19:42]} Qb2 {[%clk 1:03:00]} 19. Rb1 {[%clk 0:20:05]} Qxf2+
{[%clk 1:03:14]} 20. Kd1 {[%clk 0:20:33]} Rac8 {[%clk 1:03:02]} 21. Rb3
{[%clk 0:15:43]} Qa2 {[%clk 1:02:16]} 22. Bg3 {[%clk 0:15:44]} Qa1+
{[%clk 1:01:57]} 23. Ke2 {[%clk 0:16:06]} Qc1 {[%clk 1:01:02]} 24. Be1
{[%clk 0:11:45]} g5 {[%clk 0:52:15]} 25. g4 {[%clk 0:06:04]} Re6 {[%clk 0:50:05]}
26. Qb1 {[%clk 0:04:54]} Rc2+ {[%clk 0:44:40]} 27. Kd3 {[%clk 0:05:07]} Nec5+
{[%clk 0:44:37]} 28. dxc5 {[%clk 0:05:17]} Ne5+ {[%clk 0:44:20]} 29. Kd4
{[%clk 0:05:40]} Nf3+ {[%clk 0:44:32]} 30. Kxd5 {[%clk 0:05:43]} Rxc5#
{[%clk 0:44:45]} 0-1

[Event "Men-Tehran"]
[Site "?"]
[Date "2015.09.17"]
[Round "6.3"]
[White "Karimi, Mohammad"]
[Black "Mashmooli, Kian"]
[Result "0-1"]
[BlackElo "2125"]
[WhiteElo "2207"]
[LiveChessVersion "1.4.6"]

1. c4 {[%clk 1:28:39]} Nf6 {[%clk 1:30:45]} 2. Nc3 {[%clk 1:29:03]} e5
{[%clk 1:29:13]} 3. e3 {[%clk 1:29:28]} Nc6 {[%clk 1:27:14]} 4. Nf3
{[%clk 1:23:12]} d6 {[%clk 1:18:41]} 5. d4 {[%clk 1:15:34]} Bg4 {[%clk 1:13:00]}
6. d5 {[%clk 1:13:01]} Ne7 {[%clk 1:13:17]} 7. Be2 {[%clk 1:09:24]} Ng6
{[%clk 1:06:38]} 8. e4 {[%clk 1:07:14]} Be7 {[%clk 1:06:17]} 9. h3
{[%clk 1:05:45]} Bd7 {[%clk 1:05:10]} 10. O-O {[%clk 0:59:36]} O-O
{[%clk 1:04:26]} 11. Ne1 {[%clk 0:58:01]} Ne8 {[%clk 1:02:00]} 12. Bd3
{[%clk 0:56:55]} Bg5 {[%clk 1:01:59]} 13. Ne2 {[%clk 0:54:23]} Bxc1
{[%clk 0:59:14]} 14. Qxc1 {[%clk 0:52:45]} Nf6 {[%clk 0:53:11]} 15. f4
{[%clk 0:45:27]} exf4 {[%clk 0:53:24]} 16. Nxf4 {[%clk 0:45:56]} Ne5
{[%clk 0:53:17]} 17. Bb1 {[%clk 0:45:36]} Qe7 {[%clk 0:51:25]} 18. Nf3
{[%clk 0:44:37]} Nxf3+ {[%clk 0:50:21]} 19. gxf3 {[%clk 0:44:53]} g5
{[%clk 0:47:07]} 20. Ne2 {[%clk 0:34:55]} Bxh3 {[%clk 0:46:38]} 21. Rf2
{[%clk 0:35:03]} Kh8 {[%clk 0:46:02]} 22. Qc3 {[%clk 0:29:07]} Qe5
{[%clk 0:40:19]} 23. Qxe5 {[%clk 0:25:37]} dxe5 {[%clk 0:40:47]} 24. Ng3
{[%clk 0:25:23]} Bd7 {[%clk 0:40:07]} 25. Bd3 {[%clk 0:25:33]} Rg8
{[%clk 0:36:46]} 26. Kg2 {[%clk 0:24:13]} Kg7 {[%clk 0:36:53]} 27. Rh1
{[%clk 0:24:04]} Kg6 {[%clk 0:37:15]} 28. Nf5 {[%clk 0:22:36]} Bxf5
{[%clk 0:35:36]} 29. exf5+ {[%clk 0:23:05]} Kg7 {[%clk 0:35:57]} 30. Re2
{[%clk 0:22:39]} Rae8 {[%clk 0:35:58]} 31. Rhe1 {[%clk 0:22:34]} Nh5
{[%clk 0:36:10]} 32. Re3 {[%clk 0:20:24]} Nf4+ {[%clk 0:35:54]} 33. Kg3
{[%clk 0:20:24]} Kf6 {[%clk 0:31:24]} 34. Bc2 {[%clk 0:18:59]} h5
{[%clk 0:31:00]} 35. Ba4 {[%clk 0:14:39]} Re7 {[%clk 0:28:14]} 36. Rd1
{[%clk 0:14:43]} Rd8 {[%clk 0:21:09]} 37. Bc2 {[%clk 0:09:11]} Ree8
{[%clk 0:20:39]} 38. Ra3 {[%clk 0:06:01]} a6 {[%clk 0:20:21]} 39. Be4
{[%clk 0:05:28]} Ne2+ {[%clk 0:19:54]} 40. Kg2 {[%clk 0:05:05]} Nd4
{[%clk 0:20:03]} 41. Rh1 {[%clk 0:04:09]} Rh8 {[%clk 0:19:59]} 42. Ra4
{[%clk 0:02:21]} Nxf5 {[%clk 0:19:46]} 43. Rb4 {[%clk 0:02:50]} b6
{[%clk 0:20:27]} 44. Rc1 {[%clk 0:02:34]} a5 {[%clk 0:19:01]} 45. Rb3
{[%clk 0:02:34]} Nd4 {[%clk 0:17:53]} 46. Re3 {[%clk 0:02:44]} Rdg8
{[%clk 0:17:32]} 47. c5 {[%clk 0:02:06]} g4 {[%clk 0:17:09]} 48. fxg4
{[%clk 0:02:13]} Rxg4+ {[%clk 0:17:26]} 49. Kh3 {[%clk 0:02:42]} Rhg8
{[%clk 0:16:09]} 50. Rf1+ {[%clk 0:02:29]} Rf4 {[%clk 0:16:01]} 51. Rc1
{[%clk 0:01:47]} Rgg4 {[%clk 0:14:07]} 0-1

[Event "Men-Tehran"]
[Site "?"]
[Date "2015.09.17"]
[Round "6.4"]
[White "Khamisi, S Jafar"]
[Black "Motaghi, Sina"]
[Result "1-0"]
[BlackElo "1662"]
[WhiteElo "2178"]
[LiveChessVersion "1.4.6"]

1. e4 e6 {[%clk 1:30:38]} 2. d4 {[%clk 1:28:43]} d5 {[%clk 1:30:56]} 3. Nd2
{[%clk 1:29:01]} Nf6 {[%clk 1:29:33]} 4. e5 {[%clk 1:29:08]} Nfd7
{[%clk 1:29:57]} 5. Bd3 {[%clk 1:29:22]} c5 {[%clk 1:30:06]} 6. c3
{[%clk 1:29:43]} Nc6 {[%clk 1:30:25]} 7. Ne2 {[%clk 1:30:03]} Qb6
{[%clk 1:30:09]} 8. Nf3 {[%clk 1:30:18]} cxd4 {[%clk 1:28:55]} 9. cxd4
{[%clk 1:30:40]} f6 {[%clk 1:28:43]} 10. exf6 {[%clk 1:30:44]} Nxf6
{[%clk 1:29:09]} 11. O-O {[%clk 1:30:56]} Bd6 {[%clk 1:29:19]} 12. Rb1
{[%clk 1:28:07]} Nb4 {[%clk 1:27:25]} 13. Bf4 {[%clk 1:26:57]} Nxd3
{[%clk 1:23:25]} 14. Qxd3 {[%clk 1:26:57]} Bxf4 {[%clk 1:21:58]} 15. Nxf4
{[%clk 1:27:18]} O-O {[%clk 1:20:26]} 16. Rfe1 {[%clk 0:57:47]} Ne4
{[%clk 1:18:08]} 17. Qe3 {[%clk 0:51:56]} Qd8 {[%clk 1:03:51]} 18. Nd3
{[%clk 0:49:53]} Qe7 {[%clk 0:51:39]} 19. Nfe5 {[%clk 0:39:36]} Qh4
{[%clk 0:42:29]} 20. Rbc1 {[%clk 0:31:54]} Nd6 {[%clk 0:31:34]} 21. g4
{[%clk 0:30:24]} h5 {[%clk 0:24:51]} 22. Nf4 {[%clk 0:18:03]} Nc4
{[%clk 0:05:42]} 23. Rxc4 {[%clk 0:17:52]} dxc4 {[%clk 0:06:03]} 24. Nfg6
{[%clk 0:18:08]} Qf6 {[%clk 0:03:59]} 25. g5 {[%clk 0:16:51]} Qd8
{[%clk 0:03:29]} 26. h4 {[%clk 0:16:37]} Rf5 {[%clk 0:00:34]} 27. Qe2
{[%clk 0:16:09]} Rxg5+ {[%clk 0:00:33]} 28. hxg5 {[%clk 0:16:25]} Qxg5+
{[%clk 0:01:01]} 29. Kh2 {[%clk 0:16:40]} b6 {[%clk 0:00:38]} 30. Rg1
{[%clk 0:16:54]} Qf6 {[%clk 0:00:41]} 31. Qxh5 {[%clk 0:17:09]} 1-0

[Event "Men-Tehran"]
[Site "?"]
[Date "2015.09.17"]
[Round "6.5"]
[White "Bolourchifard, Farzad"]
[Black "Ghaem Maghami, Ehsan"]
[Result "0-1"]
[BlackElo "2596"]
[WhiteElo "2229"]
[LiveChessVersion "1.4.6"]

1. e4 {[%clk 1:30:37]} c5 {[%clk 1:30:40]} 2. Nc3 {[%clk 1:30:41]} a6
{[%clk 1:30:27]} 3. g3 {[%clk 1:30:09]} b5 {[%clk 1:30:47]} 4. Bg2
{[%clk 1:30:22]} Bb7 {[%clk 1:31:08]} 5. d3 {[%clk 1:28:13]} e6 {[%clk 1:27:07]}
6. Nh3 {[%clk 1:24:53]} b4 {[%clk 1:23:44]} 7. Ne2 {[%clk 1:22:23]} d5
{[%clk 1:23:45]} 8. O-O {[%clk 1:18:49]} Nf6 {[%clk 1:22:50]} 9. exd5
{[%clk 1:11:00]} Bxd5 {[%clk 1:22:13]} 10. Bxd5 {[%clk 1:10:20]} Qxd5
{[%clk 1:19:50]} 11. Nhf4 {[%clk 1:00:13]} Qb7 {[%clk 1:12:05]} 12. b3
{[%clk 0:53:11]} Nc6 {[%clk 1:10:39]} 13. Bb2 {[%clk 0:52:48]} Bd6
{[%clk 1:10:38]} 14. Ng2 {[%clk 0:45:54]} Be5 {[%clk 1:07:24]} 15. Qc1
{[%clk 0:40:24]} Nd5 {[%clk 1:03:49]} 16. Ne3 {[%clk 0:35:02]} Bxb2
{[%clk 1:02:17]} 17. Qxb2 {[%clk 0:33:41]} Nc3 {[%clk 1:02:42]} 18. Nxc3
{[%clk 0:27:33]} bxc3 {[%clk 1:02:50]} 19. Qa3 {[%clk 0:27:54]} Nd4
{[%clk 1:01:36]} 20. f4 {[%clk 0:25:31]} O-O {[%clk 0:54:07]} 21. Qxc5
{[%clk 0:15:40]} Nf3+ {[%clk 0:52:24]} 22. Rxf3 {[%clk 0:16:00]} Qxf3
{[%clk 0:52:48]} 23. Rf1 {[%clk 0:16:27]} Qe2 {[%clk 0:53:00]} 24. Rf2
{[%clk 0:15:08]} Qe1+ {[%clk 0:53:23]} 25. Kg2 {[%clk 0:11:24]} Rac8
{[%clk 0:47:33]} 26. Qe5 {[%clk 0:09:06]} Kh8 {[%clk 0:39:26]} 27. Rf1
{[%clk 0:07:54]} Qd2+ {[%clk 0:38:32]} 28. Rf2 {[%clk 0:08:20]} f6
{[%clk 0:37:29]} 29. Qxe6 {[%clk 0:01:18]} Rfe8 {[%clk 0:34:04]} 30. Rxd2
{[%clk 0:01:40]} Rxe6 {[%clk 0:33:39]} 31. Re2 {[%clk 0:02:10]} Rce8
{[%clk 0:30:36]} 32. Kf2 {[%clk 0:02:32]} h5 {[%clk 0:30:30]} 33. h3
{[%clk 0:01:45]} g5 {[%clk 0:28:45]} 34. f5 {[%clk 0:00:44]} Re5 {[%clk 0:27:11]}
35. Re1 {[%clk 0:00:51]} g4 {[%clk 0:26:48]} 36. h4 {[%clk 0:00:42]} Kg7
{[%clk 0:27:05]} 37. Re2 {[%clk 0:00:55]} Kf7 {[%clk 0:27:11]} 38. Re1
{[%clk 0:01:18]} R8e7 {[%clk 0:27:03]} 39. a3 {[%clk 0:00:51]} Ke8
{[%clk 0:27:10]} 40. Re2 {[%clk 0:00:43]} Kd7 {[%clk 0:27:08]} 41. Re1
{[%clk 0:01:06]} Kc6 {[%clk 0:26:55]} 42. b4 {[%clk 0:00:38]} Kb5
{[%clk 0:25:09]} 43. Re2 {[%clk 0:00:58]} Re8 {[%clk 0:18:15]} 44. Re1
{[%clk 0:01:16]} Ka4 {[%clk 0:16:37]} 45. Re2 {[%clk 0:01:26]} R5e7
{[%clk 0:16:27]} 46. Re1 {[%clk 0:01:48]} Kxa3 {[%clk 0:15:53]} 47. Ra1+
{[%clk 0:01:31]} Kb2 {[%clk 0:16:05]} 48. Re1 {[%clk 0:01:57]} 0-1

[Event "Men-Tehran"]
[Site "?"]
[Date "2015.09.17"]
[Round "6.6"]
[White "Golizadeh, Asghar"]
[Black "Azadbakhsh, Farshid"]
[Result "1-0"]
[BlackElo "2104"]
[WhiteElo "2447"]
[LiveChessVersion "1.4.6"]

1. e4 c5 2. Nf3 d6 3. Bb5+ Bd7 4. Bxd7+ Qxd7 5. O-O Nc6 6. Re1 Nf6 7. c3 e6 8. d4
cxd4 9. cxd4 d5 10. e5 Ne4 11. Nbd2 Nxd2 12. Bxd2 Be7 13. Rc1 O-O 14. Rc3 Rac8
15. a3 Nb8 16. Rd3 Qc6 17. Bc3 Nd7 18. h4 Nb6 19. Ng5 Na4 20. Ree3 Qd7 21. Nxh7
Nxc3 22. bxc3 Kxh7 23. Qh5+ Kg8 24. Rg3 Rfe8 25. Rxg7+ Kxg7 26. Rg3+ Bg5 27.
Rxg5+ Kf8 28. Qh8+ Ke7 29. Qf6+ Kf8 30. Rh5 1-0

[Event "Men-Tehran"]
[Site "?"]
[Date "2015.09.17"]
[Round "6.7"]
[White "Ghaziolsharif, Kaveh"]
[Black "Mirzoev, Azer"]
[Result "0-1"]
[BlackElo "2558"]
[WhiteElo "2186"]
[LiveChessVersion "1.4.6"]

1. Nf3 {[%clk 1:30:13]} d5 {[%clk 1:30:32]} 2. g3 {[%clk 1:30:32]} Nc6
{[%clk 1:30:49]} 3. Bg2 {[%clk 1:29:22]} e5 {[%clk 1:31:14]} 4. d3
{[%clk 1:29:45]} f6 {[%clk 1:31:27]} 5. c3 {[%clk 1:30:00]} Be6 {[%clk 1:31:31]}
6. b4 {[%clk 1:30:11]} Qd7 {[%clk 1:31:57]} 7. Qc2 {[%clk 1:30:09]} Nge7
{[%clk 1:32:13]} 8. Nbd2 {[%clk 1:24:59]} Ng6 {[%clk 1:30:59]} 9. h4
{[%clk 1:22:50]} Bd6 {[%clk 1:26:50]} 10. e4 {[%clk 1:20:09]} O-O
{[%clk 1:23:05]} 11. a3 {[%clk 0:35:41]} Rad8 {[%clk 1:20:17]} 12. Ng5 fxg5
{[%clk 1:11:10]} 13. exd5 {[%clk 0:28:25]} Qf7 {[%clk 1:06:27]} 14. Ne4
{[%clk 0:28:44]} Bxd5 {[%clk 1:06:46]} 15. Nxg5 {[%clk 0:29:11]} Bxg2
{[%clk 1:04:27]} 16. Nxf7 {[%clk 0:29:36]} Bxh1 {[%clk 1:04:50]} 17. Nxd8
{[%clk 0:30:01]} Nxd8 {[%clk 1:04:58]} 18. Be3 {[%clk 0:29:32]} Bf3
{[%clk 1:04:32]} 19. Qb3+ {[%clk 0:27:11]} Kh8 {[%clk 1:04:33]} 20. Kd2
{[%clk 0:22:12]} Ne7 {[%clk 1:03:33]} 21. Re1 {[%clk 0:19:36]} h6
{[%clk 1:02:24]} 22. Kc1 {[%clk 0:16:40]} b6 {[%clk 0:59:49]} 23. d4
{[%clk 0:12:32]} exd4 {[%clk 0:58:41]} 24. Bxd4 {[%clk 0:12:47]} Ndc6
{[%clk 0:58:36]} 25. Qc4 {[%clk 0:08:43]} Nf5 {[%clk 0:55:39]} 26. Qd3
{[%clk 0:05:22]} Nfxd4 {[%clk 0:55:44]} 27. cxd4 {[%clk 0:05:49]} Ne7
{[%clk 0:51:35]} 28. Re3 {[%clk 0:05:30]} Bc6 {[%clk 0:48:20]} 29. Qc4
{[%clk 0:03:45]} Bd7 {[%clk 0:48:29]} 30. Re2 {[%clk 0:03:50]} a5
{[%clk 0:47:11]} 31. Kb2 {[%clk 0:02:41]} axb4 {[%clk 0:47:07]} 32. axb4
{[%clk 0:03:10]} Nc6 {[%clk 0:44:08]} 33. Qd3 {[%clk 0:02:08]} Nxb4
{[%clk 0:44:13]} 34. Qg6 {[%clk 0:01:55]} Nd5 {[%clk 0:42:22]} 35. f4
{[%clk 0:01:53]} Nf6 {[%clk 0:42:27]} 36. Qd3 {[%clk 0:00:35]} Bg4
{[%clk 0:42:26]} 37. Re3 {[%clk 0:00:51]} Nd5 {[%clk 0:42:41]} 38. Re1
{[%clk 0:01:15]} Ne7 {[%clk 0:42:36]} 39. Qb5 {[%clk 0:00:55]} Kh7
{[%clk 0:42:01]} 40. Qb3 {[%clk 0:00:59]} Nf5 {[%clk 0:42:13]} 41. Qd3
{[%clk 0:00:58]} h5 {[%clk 0:42:16]} 42. Qc3 {[%clk 0:00:36]} Ra8
{[%clk 0:41:51]} 43. Ra1 {[%clk 0:00:38]} Re8 {[%clk 0:41:44]} 44. Re1
{[%clk 0:00:48]} Rxe1 {[%clk 0:41:47]} 45. Qxe1 {[%clk 0:01:17]} Nxd4
{[%clk 0:42:09]} 46. Qe4+ {[%clk 0:01:23]} Nf5 {[%clk 0:42:32]} 47. Kb3
{[%clk 0:01:39]} Bc5 {[%clk 0:42:48]} 48. Qe1 {[%clk 0:01:42]} b5
{[%clk 0:41:42]} 49. Kc3 {[%clk 0:01:56]} Be3 {[%clk 0:40:42]} 50. Kd3
{[%clk 0:01:47]} c5 {[%clk 0:40:44]} 51. Ke4 {[%clk 0:01:56]} Bd4
{[%clk 0:40:56]} 52. Kd5 {[%clk 0:01:53]} Ne3+ {[%clk 0:40:56]} 53. Kc6
{[%clk 0:01:32]} b4 {[%clk 0:41:13]} 54. Kb5 {[%clk 0:01:31]} Bd7+
{[%clk 0:40:38]} 55. Ka5 {[%clk 0:01:33]} Bf5 {[%clk 0:40:41]} 56. Qe2
{[%clk 0:01:42]} Ng4 {[%clk 0:38:35]} 57. Qf3 {[%clk 0:01:23]} Nf6
{[%clk 0:38:50]} 58. Ka4 {[%clk 0:01:16]} Kg6 {[%clk 0:37:32]} 59. Qe2
{[%clk 0:01:14]} Kh6 {[%clk 0:35:23]} 60. Qe7 {[%clk 0:01:14]} Bc2+
{[%clk 0:34:21]} 0-1

[Event "Men-Tehran"]
[Site "?"]
[Date "2015.09.17"]
[Round "6.8"]
[White "Asgari, Morteza"]
[Black "Sakhayi, Mostafa"]
[Result "0-1"]
[BlackElo "2184"]
[WhiteElo "2256"]
[LiveChessVersion "1.4.6"]

1. e4 e5 {[%clk 1:28:36]} 2. Nf3 {[%clk 1:31:05]} Nc6 {[%clk 1:28:59]} 3. Bb5
{[%clk 1:31:27]} a6 {[%clk 1:29:19]} 4. Ba4 {[%clk 1:31:52]} Nf6 {[%clk 1:29:44]}
5. O-O {[%clk 1:32:17]} Be7 {[%clk 1:30:02]} 6. Re1 {[%clk 1:32:39]} b5
{[%clk 1:30:23]} 7. Bb3 {[%clk 1:33:07]} d6 {[%clk 1:30:42]} 8. c3
{[%clk 1:33:32]} O-O {[%clk 1:31:03]} 9. h3 {[%clk 1:33:55]} Na5 {[%clk 1:30:58]}
10. Bc2 {[%clk 1:34:21]} c5 {[%clk 1:31:19]} 11. d4 {[%clk 1:34:47]} Qc7
{[%clk 1:31:43]} 12. Nbd2 {[%clk 1:35:08]} Bd7 {[%clk 1:29:32]} 13. Nf1
{[%clk 1:35:16]} Nc4 {[%clk 1:29:10]} 14. d5 {[%clk 1:08:41]} Nb6
{[%clk 1:23:49]} 15. N3h2 {[%clk 1:02:21]} g6 {[%clk 1:22:19]} 16. Ng3
{[%clk 0:57:34]} h5 {[%clk 1:10:17]} 17. f4 {[%clk 0:39:41]} exf4
{[%clk 1:05:07]} 18. Bxf4 {[%clk 0:38:25]} h4 {[%clk 1:05:15]} 19. Nf5
{[%clk 0:31:34]} gxf5 {[%clk 1:00:06]} 20. exf5 {[%clk 0:31:12]} Nbxd5
{[%clk 1:00:19]} 21. Bg5 {[%clk 0:30:16]} Bc6 {[%clk 0:56:41]} 22. Ng4
{[%clk 0:28:01]} Rfe8 {[%clk 0:43:16]} 23. Bxh4 {[%clk 0:23:12]} Kg7
{[%clk 0:32:16]} 24. Qf3 {[%clk 0:17:12]} Rh8 {[%clk 0:25:31]} 25. Rxe7
{[%clk 0:11:22]} Qxe7 {[%clk 0:25:42]} 26. Re1 {[%clk 0:11:50]} Qd8
{[%clk 0:09:31]} 27. Nxf6 {[%clk 0:08:54]} Rxh4 {[%clk 0:03:18]} 28. Qg3+
{[%clk 0:05:05]} Kxf6 {[%clk 0:03:33]} 29. Qxh4+ {[%clk 0:02:22]} Kg7
{[%clk 0:03:55]} 30. Qg3+ {[%clk 0:01:27]} Kf8 {[%clk 0:02:57]} 31. Be4
{[%clk 0:01:48]} Qf6 {[%clk 0:01:21]} 32. Rd1 {[%clk 0:02:17]} Nxc3
{[%clk 0:01:14]} 33. bxc3 {[%clk 0:01:00]} Bxe4 {[%clk 0:01:27]} 34. Rxd6
{[%clk 0:01:03]} Qxf5 {[%clk 0:01:16]} 35. Rh6 {[%clk 0:01:28]} Rd8
{[%clk 0:00:41]} 36. Kh2 {[%clk 0:00:35]} Ke7 {[%clk 0:00:42]} 37. Rxa6
{[%clk 0:00:53]} Rd3 {[%clk 0:00:42]} 38. Ra7+ {[%clk 0:00:57]} Kf8
{[%clk 0:00:46]} 39. Qc7 {[%clk 0:00:38]} Rxh3+ {[%clk 0:01:04]} 40. Kg1
{[%clk 0:01:04]} Rh1+ {[%clk 0:01:22]} 41. Kxh1 {[%clk 0:01:29]} Qf1+
{[%clk 0:01:39]} 0-1

[Event "Men-Tehran"]
[Site "?"]
[Date "2015.09.17"]
[Round "6.9"]
[White "Bagheri, Amir"]
[Black "Khodashenas, Mersad"]
[Result "1/2-1/2"]
[BlackElo "2343"]
[WhiteElo "2391"]
[LiveChessVersion "1.4.6"]

1. Nf3 Nf6 2. g3 e6 3. Bg2 Be7 4. O-O O-O 5. c4 d5 6. b3 c5 7. d3 Nc6 8. Nbd2 b6
9. Bb2 Bb7 10. Qc2 Qc7 11. Rad1 Rad8 12. cxd5 Nxd5 13. a3 Rc8 14. Rfe1 Rfd8 15.
Rc1 Qb8 16. Qb1 Nc7 17. Rc4 Ne8 18. Rec1 Bf6 19. b4 cxb4 20. axb4 a6 21. Bxf6
Nxf6 22. b5 Ne7 23. bxa6 Bxa6 24. Rxc8 Rxc8 25. Rxc8+ Nxc8 26. Nd4 Qc7 27. Qa1
Bb7 28. Nb5 Qd7 29. Bxb7 Qxb7 30. Nc4 h6 31. Qd4 Qd5 32. Qb2 Qc5 33. e3 Ng4 34.
h3 Nf6 35. Qb3 Qh5 36. Kg2 Nd7 37. Nc3 Qc5 38. Qa4 Qc7 39. Qa8 Kh7 40. Qe4+ Kg8
41. Qa8 Kh7 42. Qe4+ Kg8 1/2-1/2

[Event "Men-Tehran"]
[Site "?"]
[Date "2015.09.17"]
[Round "6.10"]
[White "Godarz, Kasra"]
[Black "Toufighi, Homayoon"]
[Result "1-0"]
[BlackElo "2400"]
[WhiteElo "2102"]
[LiveChessVersion "1.4.6"]

1. e4 c5 {[%clk 1:28:16]} 2. c3 {[%clk 1:30:40]} Qa5 {[%clk 1:26:16]} 3. Na3
{[%clk 1:31:00]} Nf6 {[%clk 1:26:24]} 4. e5 {[%clk 1:24:28]} Nd5 {[%clk 1:20:53]}
5. Nf3 {[%clk 1:21:40]} Nc6 {[%clk 1:21:14]} 6. Be2 {[%clk 1:05:14]} Nf4
{[%clk 1:19:29]} 7. O-O {[%clk 1:05:27]} Nxe2+ {[%clk 1:19:53]} 8. Qxe2
{[%clk 1:05:47]} g6 {[%clk 1:17:25]} 9. Nc4 {[%clk 0:57:42]} Qa6 {[%clk 1:15:41]}
10. Qe4 {[%clk 0:58:10]} Nd8 {[%clk 1:14:58]} 11. d3 {[%clk 0:51:31]} Qc6
{[%clk 1:13:18]} 12. Qh4 {[%clk 0:47:26]} Ne6 {[%clk 1:08:10]} 13. Bh6
{[%clk 0:38:15]} g5 {[%clk 0:54:40]} 14. Bxg5 {[%clk 0:32:49]} b5
{[%clk 0:50:50]} 15. Ncd2 {[%clk 0:25:50]} Bb7 {[%clk 0:51:08]} 16. a4
{[%clk 0:24:49]} bxa4 {[%clk 0:51:34]} 17. Be3 {[%clk 0:21:28]} Qd5
{[%clk 0:51:05]} 18. Qe4 {[%clk 0:18:56]} Qxe4 {[%clk 0:48:54]} 19. Nxe4
{[%clk 0:19:18]} c4 {[%clk 0:49:15]} 20. Rxa4 {[%clk 0:14:31]} cxd3
{[%clk 0:49:41]} 21. Ned2 {[%clk 0:14:52]} Rg8 {[%clk 0:49:55]} 22. Ne1
{[%clk 0:14:07]} Bc6 {[%clk 0:50:05]} 23. Ra2 {[%clk 0:13:35]} Nc7
{[%clk 0:49:16]} 24. Rxa7 {[%clk 0:12:39]} Rxa7 {[%clk 0:49:04]} 25. Bxa7
{[%clk 0:13:04]} Nd5 {[%clk 0:48:28]} 26. Be3 {[%clk 0:07:45]} d6
{[%clk 0:46:25]} 27. g3 {[%clk 0:06:21]} dxe5 {[%clk 0:44:23]} 28. Nxd3
{[%clk 0:06:38]} f6 {[%clk 0:44:44]} 29. c4 {[%clk 0:06:41]} Nxe3
{[%clk 0:44:55]} 30. fxe3 {[%clk 0:07:10]} Bh6 {[%clk 0:43:58]} 31. Kf2
{[%clk 0:07:19]} Kf7 {[%clk 0:43:36]} 32. Ke2 {[%clk 0:05:51]} Kg6
{[%clk 0:43:55]} 33. b4 {[%clk 0:05:08]} Bd7 {[%clk 0:44:17]} 34. Nf2
{[%clk 0:05:31]} Ra8 {[%clk 0:44:41]} 35. Rb1 {[%clk 0:04:13]} Ra2
{[%clk 0:43:39]} 36. b5 {[%clk 0:03:12]} Be6 {[%clk 0:39:17]} 37. Rb4
{[%clk 0:02:25]} Ra3 {[%clk 0:39:42]} 38. b6 {[%clk 0:01:49]} Bxe3
{[%clk 0:38:40]} 39. Nb1 {[%clk 0:01:14]} Bc5 {[%clk 0:38:29]} 40. Nxa3
{[%clk 0:01:17]} Bxb4 {[%clk 0:38:58]} 41. b7 {[%clk 0:01:37]} Bd6
{[%clk 0:39:23]} 42. Ne4 {[%clk 0:02:04]} Bb8 {[%clk 0:39:02]} 43. Nc5
{[%clk 0:02:23]} Bg4+ {[%clk 0:39:20]} 44. Ke1 {[%clk 0:02:44]} Bf3
{[%clk 0:39:32]} 45. Nd7 {[%clk 0:02:35]} Bxb7 {[%clk 0:39:57]} 46. Nxb8
{[%clk 0:03:03]} Kf5 {[%clk 0:40:12]} 47. c5 {[%clk 0:03:09]} Ke6
{[%clk 0:39:50]} 48. c6 {[%clk 0:03:34]} Bc8 {[%clk 0:40:08]} 49. Nb5
{[%clk 0:03:52]} Kf5 {[%clk 0:39:59]} 50. Na7 {[%clk 0:04:01]} Be6
{[%clk 0:40:24]} 51. c7 {[%clk 0:04:23]} h5 {[%clk 0:40:37]} 52. Nbc6
{[%clk 0:04:19]} Kg4 {[%clk 0:40:58]} 53. Kf2 {[%clk 0:04:08]} Kh3
{[%clk 0:41:21]} 54. Kg1 {[%clk 0:04:14]} e4 {[%clk 0:41:36]} 55. Nxe7
{[%clk 0:03:57]} h4 {[%clk 0:41:33]} 56. Ng6 {[%clk 0:03:53]} 1-0

[Event "Men-Tehran"]
[Site "?"]
[Date "2015.09.17"]
[Round "6.11"]
[White "Alavi, Sayed Javad"]
[Black "Vojdani, Siavosh"]
[Result "1-0"]
[BlackElo "2125"]
[WhiteElo "2435"]
[LiveChessVersion "1.4.6"]

1. e4 {[%clk 1:29:44]} c5 {[%clk 1:30:46]} 2. Nf3 {[%clk 1:29:52]} e6
{[%clk 1:31:07]} 3. d4 {[%clk 1:29:54]} cxd4 {[%clk 1:31:30]} 4. Nxd4
{[%clk 1:30:21]} Nf6 {[%clk 1:31:45]} 5. Nc3 {[%clk 1:30:37]} d6 {[%clk 1:32:06]}
6. g4 {[%clk 1:30:17]} a6 {[%clk 1:32:27]} 7. g5 {[%clk 1:27:53]} Nfd7
{[%clk 1:32:44]} 8. Be3 {[%clk 1:27:53]} b5 {[%clk 1:31:40]} 9. a3
{[%clk 1:27:47]} Bb7 {[%clk 1:32:01]} 10. f4 {[%clk 1:28:06]} Nc6
{[%clk 1:23:06]} 11. h4 {[%clk 1:16:32]} Rc8 {[%clk 1:19:00]} 12. Nxc6
{[%clk 1:14:29]} Bxc6 {[%clk 1:17:47]} 13. Qd4 {[%clk 1:14:34]} h6
{[%clk 1:02:53]} 14. Bh3 {[%clk 1:09:50]} Bb7 {[%clk 0:57:34]} 15. O-O-O
{[%clk 1:07:36]} Rc4 {[%clk 0:55:17]} 16. Qd3 {[%clk 1:06:39]} Nc5
{[%clk 0:48:08]} 17. Bxc5 {[%clk 1:04:58]} Rxc5 {[%clk 0:48:23]} 18. g6
{[%clk 1:02:48]} Qf6 {[%clk 0:29:51]} 19. gxf7+ {[%clk 1:02:20]} Qxf7
{[%clk 0:30:14]} 20. Rhf1 {[%clk 1:01:52]} Be7 {[%clk 0:29:03]} 21. e5
{[%clk 0:59:13]} d5 {[%clk 0:14:51]} 22. f5 {[%clk 0:56:57]} O-O {[%clk 0:15:07]}
23. f6 {[%clk 0:57:14]} Rxc3 {[%clk 0:13:06]} 24. fxe7 {[%clk 0:57:00]} 1-0